00455nam a2200157Ia 4500008004100000020001800041082001600059100004600075245004600121250000900167260003800176300002900214500001900243600002000262650001500282240925s9999 xx 000 0 und d a9789332556737 a658.872 LAU aLaudon, Kenneth C.; Traver, Carol Guercio 0aE-Commerce: business, technology, society a10th aIndia:bPearson Educationc,2016. axiii, 586p.b0fOriginal aIncludes Index aSocial Sciences aManagement